000 00649nam a2200217 a 4500
005 20210223124327.0
008 010903s1999 es r 000 0 spa d
020 _a8483160552
035 _aUPN01000110865
049 _aCG
050 4 _aGV191.7
_bA6.2 1999
100 1 _aAparicio Sánchez, Manuel
245 1 0 _aAire libre :
_bun medio educativo : pedagogía, técnicas y experiencias /
_cManuel Aparicio Sánchez.
250 _a2a ed.
260 _aMadrid :
_bCCS,
_c1999.
300 _a271 p. :
_bil.
440 0 _aEscuela de animación ;
_v8
650 4 _aCAMPAMENTOS (EXCURSIONISMO)
_95062
650 4 _aVIDA AL AIRE LIBRE
905 _aLibro
999 _c84774
_d84774